[Event "COL-ch"]
[Site "Ibague"]
[Date "2013.07.03"]
[Round "5"]
[White "Perez, Elkin Dario"]
[Black "Gomez, Jorge Leonardo"]
[Result "1-0"]
[WhiteElo "2159"]
[BlackElo "1838"]
[PlyCount "78"]
[EventDate "2013.07.01"]
[EventType "swiss"]
[EventRounds "11"]
[EventCountry "COL"]
[SourceTitle "EXT 2014"]
[Source "ChessBase"]
[SourceDate "2013.11.20"]
[SourceVersion "1"]
[SourceVersionDate "2013.11.20"]
[SourceQuality "1"]

1. e4 c6 2. d4 d5 3. exd5 cxd5 4. c4 Nf6 5. Nc3 g6 6. h3 Bg7 7. Nf3 0-0 8. cxd5 b6 9. Bc4 Bb7 10. 0-0 Na6 11. Bg5 Nc7 12. Re1 h6 13. Bh4 g5 14. Bg3 Ncxd5 15. h4 g4 16. Ne5 h5 17. f3 gxf3 18. Nxf3 Nxc3 19. bxc3 Bd5 20. Bd3 Rc8 21. Rc1 Ng4 22. Ne5 f5 23. Ng6 Rf7 24. Bxf5 Bxg2 25. Bxc8 Bf3 26. Nxe7+ Rxe7 27. Qxf3 Rxe1+ 28. Rxe1 Qxc8 29. Qd5+ Kh7 30. Qxh5+ Nh6 31. Qf3 Qc4 32. Re7 Qxa2 33. Be5 Qb1+ 34. Qf1 Qg6+ 35. Qg2 Qxg2+ 36. Kxg2 Nf5 37. Rxa7 Kg6 38. Bxg7 Nxg7 39. Rxg7+ Kxg7 1-0